Mergers and acquisitions : strategy, valuation and integration (Record no. 185474)

MARC details
000 -LEADER
fixed length control field 00466nam a2200157Ia 4500
005 - DATE AND TIME OF LATEST TRANSACTION
control field 20250310173240.0
008 - FIXED-LENGTH DATA ELEMENTS--GENERAL INFORMATION
fixed length control field 231217s9999 xx 000 0 und d
020 ## - INTERNATIONAL STANDARD BOOK NUMBER
International Standard Book Number 9788120339750
082 ## - DEWEY DECIMAL CLASSIFICATION NUMBER
Classification number 658.11 RAY;1 R
100 ## - MAIN ENTRY--PERSONAL NAME
Personal name Ray, Kamal Ghosh.
245 #0 - TITLE STATEMENT
Title Mergers and acquisitions : strategy, valuation and integration
260 ## - PUBLICATION, DISTRIBUTION, ETC. (IMPRINT)
Date of publication, distribution, etc. 2010
Name of publisher, distributor, etc. PHI
Place of publication, distribution, etc. New Delhi
300 ## - PHYSICAL DESCRIPTION
Extent xxi, 869
650 ## - SUBJECT ADDED ENTRY--TOPICAL TERM
Topical term or geographic name as entry element Mergers,acquisitions,strategy,,valuation,integration
942 ## - ADDED ENTRY ELEMENTS (KOHA)
Koha item type Books
Holdings
Date last seen Total Checkouts Full call number Accession number Old discount Uniform Resource Identifier Cost, replacement price Price effective from Category Lost status Damaged status Department Withdrawn status bill no. bill date Permanent Location Current Location Shelving location Entry date Vendor Cost, normal purchase price Grants Currency symbol Conversion rate Discount Discount type Date checked out
26/01/2024   658.11 RAY;1 R 59120 25 digital/contents/59120.pdf 356.25 26/01/2024 Books     Central Library   BANG/2010/CRB/8 30/06/2014 Central Library Central Library Central Library 30/04/2010 Intact Book House Pvt Ltd 475.00 MBA RS 1 118.75 Rupees  
26/01/2024   658.11 RAY;3 75809 20 digital/contents/59120.pdf 380.00 26/01/2024 Books     Central Library   SIPHO/2010/CRB/328 29/12/2014 Central Library Central Library Central Library 30/11/2010 Surya Infotainment Products Pvt. Ltd. 475.00 MBA RS 1 95 Rupees  
15/09/2025 1 658.11 RAY;2 R1 75808 20 digital/contents/59120.pdf 380.00 26/01/2024 Books     Central Library   SIPHO/2010/CRB/328 31/10/2014 Central Library RFID Kiosk Central Library 30/11/2010 Surya Infotainment Products Pvt. Ltd. 475.00 MBA RS 1 95 Rupees 12/09/2025

© For any Suggestions or Query, please contact the library staff @ librarian@pes.edu or Phone: +9180 2672 1983/ 2108.